| 000 | 00485nam a2200181Ia 4500 | ||
|---|---|---|---|
| 005 | 20250508154730.0 | ||
| 008 | 008 250505s9999 xx 000 0 eng d | ||
| 037 | _aTextual | ||
| 040 |
_aFEDL _beng _cFEDL |
||
| 041 |
_aeng _2eng |
||
| 084 |
_a294.5, TAT _qFEDL |
||
| 100 | _aTattwananda | ||
| 245 | 0 | _aSaints of India | |
| 260 |
_aCalcutta, India _bNirmalendu Bikash Sen Gupta |
||
| 300 | _aviii,288p. | ||
| 942 |
_cTEXL _h294.5, TAT |
||
| 999 |
_c1351853 _d1351853 |
||